[Event "Gorges op 28th"]
[Site "Gorges"]
[Date "2018.07.08"]
[Round "5"]
[White "Feger, Rodolphe"]
[Black "Miraoui, Karim"]
[Result "0-1"]
[WhiteElo "1742"]
[BlackElo "2002"]
[PlyCount "48"]
[EventDate "2018.07.07"]
[EventType "swiss"]
[EventRounds "5"]
[EventCountry "FRA"]
[SourceTitle "EXT 2020"]
[Source "ChessBase"]
[SourceDate "2019.10.17"]
[SourceVersion "1"]
[SourceVersionDate "2019.10.17"]
[SourceQuality "1"]

1. e4 c5 2. c3 d5 3. exd5 Qxd5 4. d4 Nf6 5. Nf3 Bg4 6. dxc5 Qxc5 7. h3 Bd7 8. Be3 Qc7 9. Be2 e5 10. 0-0 Nc6 11. Nbd2 Be7 12. Nb3 Rd8 13. Qc1 Bf5 14. Nh4 Be6 15. Bc5 Nd5 16. Bxe7 Qxe7 17. Nf3 Nf4 18. Bb5 Qf6 19. Kh2 Nxh3 20. Bxc6+ bxc6 21. Qe3 Nf4 22. Qxe5 Qh6+ 23. Kg1 Rd5 24. Qe3 Rh5 0-1

[Event "Gorges op 28th"]
[Site "Gorges"]
[Date "2018.07.07"]
[Round "3"]
[White "Briand, Amaury"]
[Black "Miraoui, Karim"]
[Result "0-1"]
[WhiteElo "1639"]
[BlackElo "2002"]
[PlyCount "58"]
[EventDate "2018.07.07"]
[EventType "swiss"]
[EventRounds "5"]
[EventCountry "FRA"]
[SourceTitle "EXT 2020"]
[Source "ChessBase"]
[SourceDate "2019.10.17"]
[SourceVersion "1"]
[SourceVersionDate "2019.10.17"]
[SourceQuality "1"]

1. e4 c5 2. Nf3 d6 3. d4 cxd4 4. Nxd4 Nf6 5. Nc3 a6 6. f3 e5 7. Nb3 Be6 8. Be3 Nbd7 9. g4 h6 10. Qd2 Be7 11. 0-0-0 b5 12. Bd3 Qc7 13. h4 b4 14. Ne2 d5 15. g5 dxe4 16. gxf6 exd3 17. fxg7 Rg8 18. Qxd3 a5 19. Qh7 Nf6 20. Qxh6 a4 21. Na1 b3 22. Bg5 Nd5 23. f4 Ne3 24. Rd2 a3 25. axb3 axb2+ 26. Kxb2 Qa5 27. Qh7 Qa3+ 28. Kc3 Bb4+ 29. Kd3 Bf5+ 0-1

[Event "Gorges op 28th"]
[Site "Gorges"]
[Date "2018.07.07"]
[Round "1"]
[White "Miraoui, Karim"]
[Black "Pourrahnama, Amir"]
[Result "1-0"]
[WhiteElo "2002"]
[BlackElo "1791"]
[PlyCount "63"]
[EventDate "2018.07.07"]
[EventType "swiss"]
[EventRounds "5"]
[EventCountry "FRA"]
[SourceTitle "EXT 2020"]
[Source "ChessBase"]
[SourceDate "2019.10.17"]
[SourceVersion "1"]
[SourceVersionDate "2019.10.17"]
[SourceQuality "1"]

1. d4 Nf6 2. Nf3 d6 3. g3 g6 4. Bg2 Bg7 5. 0-0 0-0 6. c4 c6 7. Nc3 Nbd7 8. e4 e5 9. dxe5 dxe5 10. Qe2 Qc7 11. h3 Re8 12. Be3 Nb6 13. Nd2 Be6 14. c5 Nc8 15. Rfd1 Bf8 16. Rac1 Nh5 17. b4 Ng7 18. Nc4 f5 19. f4 Bxc4 20. Qxc4+ Kh8 21. fxe5 Qxe5 22. Bf4 Qe7 23. exf5 Nxf5 24. Ne4 Bg7 25. g4 Nh6 26. Qd3 Qf8 27. Rf1 Qg8 28. Bxh6 Bxh6 29. Nf6 Qe6 30. Nxe8 Qxe8 31. Rce1 Qg8 32. Qd7 1-0

[Event "Gorges op 27th"]
[Site "Gorges"]
[Date "2017.07.08"]
[Round "1"]
[White "Gilles, Francois"]
[Black "Miraoui, Karim"]
[Result "0-1"]
[WhiteElo "1592"]
[BlackElo "1968"]
[PlyCount "54"]
[EventDate "2017.07.08"]
[EventType "swiss"]
[EventRounds "5"]
[EventCountry "FRA"]
[SourceTitle "EXT 2019"]
[Source "ChessBase"]
[SourceDate "2018.10.10"]
[SourceVersion "1"]
[SourceVersionDate "2018.10.10"]
[SourceQuality "1"]

1. d4 Nf6 2. c4 e6 3. Nc3 Bb4 4. e3 b6 5. Bd3 Bb7 6. Nf3 0-0 7. 0-0 c5 8. a3 Bxc3 9. bxc3 d6 10. Re1 Ne4 11. Qc2 f5 12. Nd2 Qh4 13. g3 Qf6 14. Nxe4 Bxe4 15. Bxe4 fxe4 16. Rf1 Qf5 17. Bb2 Nc6 18. Rad1 Na5 19. Qe2 Rf6 20. d5 e5 21. Rd2 Raf8 22. Bc1 Qh3 23. Rb2 Rf3 24. Rd1 R8f6 25. Qf1 Qf5 26. Rdd2 h5 27. h4 Rxg3+ 0-1

[Event "FRA-chT2 0910"]
[Site "France"]
[Date "2009.11.22"]
[Round "4.6"]
[White "Miraoui, Karim"]
[Black "Delalee, Paul"]
[Result "0-1"]
[WhiteElo "2101"]
[BlackElo "1946"]
[PlyCount "50"]
[EventDate "2009.09.27"]
[EventType "team-tourn"]
[EventRounds "11"]
[EventCountry "FRA"]
[SourceTitle "EXT 2011"]
[Source "ChessBase"]
[SourceDate "2010.11.26"]
[SourceVersion "1"]
[SourceVersionDate "2010.11.26"]
[SourceQuality "1"]

1. d4 Nf6 2. c4 e6 3. Nc3 Bb4 4. Qc2 c5 5. Nf3 Nc6 6. e3 0-0 7. Bd3 cxd4 8. exd4 d5 9. Be3 dxc4 10. Bxc4 b6 11. Rd1 Bb7 12. 0-0 Rc8 13. Bg5 Be7 14. Qe2 Nd5 15. Ne4 Bxg5 16. Nexg5 Nce7 17. Qe4 g6 18. Qh4 Nf6 19. Bxe6 fxe6 20. Nxe6 Qd5 21. Nxf8 Rxf8 22. Rfe1 Nc6 23. Qf4 Kg7 24. Ng5 Nxd4 25. Qd2 Qxg2# 0-1

[Event "FRA-chT2 0910"]
[Site "France"]
[Date "2009.10.17"]
[Round "2.6"]
[White "Marchadour, Emilie"]
[Black "Miraoui, Karim"]
[Result "1/2-1/2"]
[WhiteElo "2063"]
[BlackElo "2101"]
[PlyCount "92"]
[EventDate "2009.09.27"]
[EventType "team-tourn"]
[EventRounds "11"]
[EventCountry "FRA"]
[SourceTitle "EXT 2011"]
[Source "ChessBase"]
[SourceDate "2010.11.26"]
[SourceVersion "1"]
[SourceVersionDate "2010.11.26"]
[SourceQuality "1"]

1. e4 c5 2. Nf3 d6 3. d4 cxd4 4. Nxd4 Nf6 5. Nc3 a6 6. f3 e5 7. Nb3 Be6 8. Nd5 Bxd5 9. exd5 Nbd7 10. Be3 g6 11. Be2 Bg7 12. 0-0 0-0 13. c4 Rc8 14. Nd2 b5 15. b3 bxc4 16. Nxc4 Ne8 17. Rc1 f5 18. Qd2 Ndf6 19. Bb6 Qd7 20. Na5 Rb8 21. Rc6 Kh8 22. Rfc1 Qf7 23. Rd1 e4 24. Nc4 Nd7 25. Bc7 Rb7 26. Bxd6 Rg8 27. Rxa6 exf3 28. Bxf3 Qf6 29. Rc6 Qd8 30. Qa5 Qg5 31. Qa6 Nxd6 32. Nxd6 Ne5 33. Qxb7 Nxf3+ 34. Kf2 Ne5 35. Nf7+ Nxf7 36. Qxf7 Qf4+ 37. Ke2 Qe4+ 38. Kf1 Qf4+ 39. Ke1 Qe3+ 40. Kf1 Qf4+ 41. Kg1 Bd4+ 42. Rxd4 Qxd4+ 43. Kf1 Qd1+ 44. Kf2 Qd2+ 45. Kf3 Qd3+ 46. Kf4 Qd4+ 1/2-1/2

[Event "FRA-chT2 0910"]
[Site "France"]
[Date "2009.10.04"]
[Round "1.5"]
[White "Miraoui, Karim"]
[Black "Bleuzen, Cedric"]
[Result "1-0"]
[WhiteElo "2101"]
[BlackElo "2054"]
[PlyCount "57"]
[EventDate "2009.09.27"]
[EventType "team-tourn"]
[EventRounds "11"]
[EventCountry "FRA"]
[SourceTitle "EXT 2011"]
[Source "ChessBase"]
[SourceDate "2010.11.26"]
[SourceVersion "1"]
[SourceVersionDate "2010.11.26"]
[SourceQuality "1"]

1. d4 e6 2. c4 f5 3. g3 Nf6 4. Bg2 Be7 5. Nc3 0-0 6. Nf3 Ne4 7. 0-0 d5 8. Qb3 c6 9. Nd2 Nd7 10. Ndxe4 fxe4 11. cxd5 cxd5 12. f3 exf3 13. exf3 Qb6 14. Be3 Bf6 15. Rfe1 Re8 16. Rac1 a6 17. Kh1 Qxb3 18. axb3 Nb6 19. f4 Bd7 20. g4 g6 21. f5 gxf5 22. gxf5 Bc6 23. fxe6 Rxe6 24. Bh3 Re7 25. Rg1+ Rg7 26. Be6+ Kh8 27. Rgf1 Bh4 28. Bf4 Re8 29. Be3 1-0

[Event "FRA-chT1B 0809"]
[Site "France"]
[Date "2009.03.15"]
[Round "9.8"]
[White "Miraoui, Karim"]
[Black "Boulan, Laura"]
[Result "0-1"]
[WhiteElo "2100"]
[BlackElo "1999"]
[PlyCount "100"]
[EventDate "2008.10.19"]
[EventType "tourn"]
[EventRounds "11"]
[EventCountry "FRA"]
[SourceTitle "EXT 2010"]
[Source "ChessBase"]
[SourceDate "2010.11.25"]
[SourceVersion "1"]
[SourceVersionDate "2010.11.25"]
[SourceQuality "1"]
[WhiteTeam "Nantes"]
[BlackTeam "Migne Auxances"]
[WhiteTeamCountry "FRA"]
[BlackTeamCountry "FRA"]

1. d4 d6 2. e4 e5 3. Nf3 exd4 4. Nxd4 Nf6 5. Nc3 Be7 6. Be2 0-0 7. 0-0 Re8 8. f4 Bf8 9. Bf3 a5 10. Kh1 Na6 11. Re1 c6 12. Be3 Nc5 13. Bf2 a4 14. a3 Qc7 15. b4 axb3 16. cxb3 g6 17. b4 Ne6 18. e5 dxe5 19. fxe5 Nd7 20. Nxe6 Rxe6 21. Bg4 Rxe5 22. Bd4 Rxe1+ 23. Qxe1 Qf4 24. Qd1 Nf6 25. Bxc8 Rxc8 26. Ne2 Qg5 27. Ng3 Rd8 28. Qg1 Qh4 29. Bxf6 Qxf6 30. Qe1 Bg7 31. Rd1 Rxd1 32. Qxd1 Qa1 33. Qxa1 Bxa1 34. Ne4 b5 35. Nd2 Bb2 36. Nb1 f5 37. Kg1 Kf7 38. Kf2 Ke6 39. Ke3 Ke5 40. Kd3 g5 41. Kc2 Bd4 42. Nd2 g4 43. Kd3 h5 44. h3 Kd5 45. hxg4 hxg4 46. Nb1 f4 47. Nd2 Bb2 48. Nb1 Ke5 49. Kc2 f3 50. g3 Bxa3 0-1

[Event "FRA-chT1B 0809"]
[Site "France"]
[Date "2008.12.13"]
[Round "4.6"]
[White "Miraoui, Karim"]
[Black "Theon, Pierre"]
[Result "1-0"]
[WhiteElo "2100"]
[BlackElo "2178"]
[PlyCount "31"]
[EventDate "2008.10.19"]
[EventType "tourn"]
[EventRounds "11"]
[EventCountry "FRA"]
[SourceTitle "EXT 2010"]
[Source "ChessBase"]
[SourceDate "2010.11.25"]
[SourceVersion "1"]
[SourceVersionDate "2010.11.25"]
[SourceQuality "1"]
[WhiteTeam "Nantes"]
[BlackTeam "Gonfreville"]
[WhiteTeamCountry "FRA"]
[BlackTeamCountry "FRA"]

1. d4 Nf6 2. c4 e5 3. dxe5 Ne4 4. a3 b6 5. Nf3 Bb7 6. Nbd2 d6 7. Nxe4 Bxe4 8. Ng5 Bc6 9. e6 fxe6 10. Nxe6 Qe7 11. Nf4 g6 12. Nd5 Qf7 13. g3 Bb7 14. Bg2 c6 15. Qd4 Bg7 16. Qe4+ 1-0

[Event "FRA-chT1B 0809"]
[Site "France"]
[Date "2008.11.23"]
[Round "3.5"]
[White "Miraoui, Karim"]
[Black "Couche, Didier"]
[Result "1-0"]
[WhiteElo "2100"]
[BlackElo "2139"]
[PlyCount "75"]
[EventDate "2008.10.19"]
[EventType "tourn"]
[EventRounds "11"]
[EventCountry "FRA"]
[SourceTitle "EXT 2010"]
[Source "ChessBase"]
[SourceDate "2010.11.25"]
[SourceVersion "1"]
[SourceVersionDate "2010.11.25"]
[SourceQuality "1"]
[WhiteTeam "Nantes"]
[BlackTeam "Cappelle la Grande"]
[WhiteTeamCountry "FRA"]
[BlackTeamCountry "FRA"]

1. d4 d5 2. c4 c6 3. Nc3 dxc4 4. e4 b5 5. a4 b4 6. Nb1 Nf6 7. e5 Nd5 8. Bxc4 a5 9. Nf3 e6 10. Nbd2 Be7 11. Ne4 h6 12. 0-0 Ba6 13. Qe2 0-0 14. Bd2 Qb6 15. Rac1 Rc8 16. Nc5 Bxc4 17. Rxc4 Bxc5 18. dxc5 Qa6 19. Rfc1 Nd7 20. Qe4 Nf8 21. Qg4 Kh7 22. Qh5 Qb7 23. Rg4 f6 24. Rcc4 Qc7 25. Qh3 Qf7 26. exf6 Qxf6 27. Rh4 Ng6 28. Bxh6 Nxh4 29. Bg5 Qf5 30. Rxh4+ Kg6 31. g4 Qb1+ 32. Kg2 Qe4 33. Rh7 Nf6 34. Bxf6 Kxf6 35. g5+ Kg6 36. Qh5+ Kf5 37. g6+ Kf6 38. Qg5# 1-0

[Event "Rohde op 07th"]
[Site "Sautron"]
[Date "2007.11.03"]
[Round "9"]
[White "Bouget, Alexandre"]
[Black "Miraoui, Karim"]
[Result "1/2-1/2"]
[WhiteElo "1879"]
[BlackElo "2104"]
[PlyCount "30"]
[EventDate "2007.10.27"]
[EventType "swiss"]
[EventRounds "9"]
[EventCountry "FRA"]
[SourceTitle "EXT 2008"]
[Source "ChessBase"]
[SourceDate "2007.11.25"]
[SourceVersion "1"]
[SourceVersionDate "2007.11.25"]
[SourceQuality "1"]

1. d4 d5 2. c4 c6 3. Nf3 Nf6 4. Qc2 e6 5. e3 Nbd7 6. Nc3 Bd6 7. Be2 0-0 8. 0-0 dxc4 9. Bxc4 e5 10. b3 h6 11. Bb2 exd4 12. exd4 Qa5 13. Rfe1 Nb6 14. Ne5 Nxc4 15. Nxc4 Qd8 1/2-1/2

[Event "Rohde op 06th"]
[Site "Sautron"]
[Date "2006.10.29"]
[Round "2"]
[White "Migot, Tangi"]
[Black "Miraoui, Karim"]
[Result "1/2-1/2"]
[WhiteElo "1971"]
[BlackElo "2095"]
[PlyCount "51"]
[EventDate "2006.10.28"]
[EventType "swiss"]
[EventRounds "9"]
[EventCountry "FRA"]
[SourceTitle "EXT 2007"]
[Source "ChessBase"]
[SourceDate "2006.11.23"]
[SourceVersion "1"]
[SourceVersionDate "2006.11.23"]
[SourceQuality "1"]

1. e4 Nf6 2. Nc3 d5 3. e5 Nfd7 4. d4 e6 5. f4 c5 6. Nf3 Nc6 7. Be3 cxd4 8. Nxd4 Bb4 9. Bd3 Nc5 10. 0-0 Nxd3 11. Qxd3 Bd7 12. a3 Be7 13. Rae1 Rc8 14. Kh1 a6 15. Bc1 Nxd4 16. Qxd4 Bc5 17. Qd3 d4 18. Ne4 Bb5 19. Qg3 Bf8 20. Rf2 Rc6 21. Ng5 g6 22. Qh3 Be7 23. Qh6 Bf8 24. Qh3 Be7 25. Qh6 Bf8 26. Qh3 1/2-1/2

[Event "FRA-chT2A 0506"]
[Site "France"]
[Date "2006.04.01"]
[Round "10.7"]
[White "Favarel, Antoine"]
[Black "Miraoui, Karim"]
[Result "0-1"]
[WhiteElo "2026"]
[BlackElo "2096"]
[PlyCount "110"]
[EventDate "2005.10.27"]
[EventType "team-tourn"]
[EventRounds "11"]
[EventCountry "FRA"]
[SourceTitle "EXT 2006"]
[Source "ChessBase"]
[SourceDate "2005.11.24"]
[SourceVersion "1"]
[SourceVersionDate "2005.11.24"]
[SourceQuality "1"]
[WhiteTeam "Bordeaux ASPOM"]
[BlackTeam "Nantes"]
[WhiteTeamCountry "FRA"]
[BlackTeamCountry "FRA"]

1. e4 c5 2. Nf3 d6 3. Bb5+ Bd7 4. Bxd7+ Qxd7 5. c4 Nf6 6. Nc3 Nc6 7. d4 cxd4 8. Nxd4 g6 9. f3 Bg7 10. Be3 0-0 11. Rc1 Rac8 12. b3 Rfd8 13. 0-0 e6 14. Ndb5 a6 15. Na7 Ra8 16. Nxc6 bxc6 17. c5 Qa7 18. Na4 d5 19. e5 Nd7 20. f4 Rab8 21. Qd3 f6 22. exf6 Nxf6 23. Bd4 Ne4 24. Rce1 Rb4 25. Bxg7 Qxg7 26. a3 Qd4+ 27. Re3 Qxd3 28. Rxd3 Rb5 29. b4 a5 30. Rd4 axb4 31. axb4 Ra8 32. Nb6 Ra2 33. Nd7 Rb7 34. Ne5 Ra6 35. h4 Kg7 36. Kh2 Rb8 37. Rg1 Nc3 38. Rf1 Ne4 39. g4 Ra2+ 40. Kh3 Rba8 41. Rf3 Rb2 42. f5 Raa2 43. Rxe4 Rh2+ 44. Kg3 Rag2+ 45. Kf4 dxe4 46. Kxe4 gxf5+ 47. gxf5 Re2+ 48. Kf4 Rxh4+ 49. Kg5 Rxb4 50. f6+ Kf8 51. Nd3 Rg2+ 52. Kh5 Rc4 53. Nf4 Rh2+ 54. Kg4 e5 55. Kg3 Rxf4 0-1

[Event "FRA-chT2A 0506"]
[Site "France"]
[Date "2006.01.14"]
[Round "5.7"]
[White "Miraoui, Karim"]
[Black "Fantin, Alison"]
[Result "1-0"]
[WhiteElo "2087"]
[BlackElo "1906"]
[PlyCount "105"]
[EventDate "2005.10.27"]
[EventType "team-tourn"]
[EventRounds "11"]
[EventCountry "FRA"]
[SourceTitle "EXT 2006"]
[Source "ChessBase"]
[SourceDate "2005.11.24"]
[SourceVersion "1"]
[SourceVersionDate "2005.11.24"]
[SourceQuality "1"]
[WhiteTeam "Nantes"]
[BlackTeam "Clermont Ferrand"]
[WhiteTeamCountry "FRA"]
[BlackTeamCountry "FRA"]

1. d4 d5 2. c4 c6 3. Nc3 Nf6 4. Nf3 Nbd7 5. cxd5 cxd5 6. Qb3 e6 7. Bf4 a6 8. e3 Nh5 9. Bg5 Be7 10. Bxe7 Qxe7 11. Bd3 0-0 12. 0-0 b5 13. Nxd5 Qd6 14. Nc3 Bb7 15. Ne4 Qe7 16. Rac1 Rac8 17. Bb1 Nhf6 18. Nxf6+ Nxf6 19. Ne5 Bd5 20. Qd1 Qb4 21. Nd3 Qa5 22. b3 Ne4 23. Nc5 Nxc5 24. Rxc5 Rxc5 25. dxc5 Rd8 26. Qc2 g6 27. h3 Qc7 28. b4 a5 29. a3 axb4 30. axb4 f5 31. Ba2 Qc6 32. Bxd5 Rxd5 33. Ra1 Rd7 34. Ra5 e5 35. Qa2+ Kg7 36. Ra7 e4 37. Rxd7+ Qxd7 38. Qa6 Qd1+ 39. Kh2 Qe1 40. c6 Qxf2 41. Qxb5 Qxe3 42. Qe5+ Kh6 43. Qg3 Qc1 44. c7 e3 45. Qh4+ Kg7 46. Qe7+ Kh6 47. Qf8+ Kh5 48. c8Q Qf1 49. g4+ Kg5 50. Qfd8+ Kf4 51. Qd4+ Kf3 52. Qa8+ Kf2 53. Qf4+ 1-0

[Event "FRA-chT2A 0506"]
[Site "France"]
[Date "2005.11.20"]
[Round "3.6"]
[White "Miraoui, Karim"]
[Black "Choisy, Mathilde"]
[Result "0-1"]
[WhiteElo "2087"]
[BlackElo "2138"]
[PlyCount "180"]
[EventDate "2005.10.27"]
[EventType "team-tourn"]
[EventRounds "11"]
[EventCountry "FRA"]
[SourceTitle "EXT 2006"]
[Source "ChessBase"]
[SourceDate "2005.11.24"]
[SourceVersion "1"]
[SourceVersionDate "2005.11.24"]
[SourceQuality "1"]
[WhiteTeam "Nantes"]
[BlackTeam "Saint Lo"]
[WhiteTeamCountry "FRA"]
[BlackTeamCountry "FRA"]

1. d4 Nf6 2. c4 c5 3. d5 b5 4. cxb5 a6 5. f3 d6 6. e4 axb5 7. Bxb5+ Bd7 8. Bxd7+ Nbxd7 9. Nc3 g6 10. Nge2 Bg7 11. 0-0 0-0 12. Kh1 Ne8 13. Bg5 h6 14. Be3 Nc7 15. Qc1 Kh7 16. f4 Qb8 17. Rf3 Qb4 18. Rh3 f5 19. exf5 gxf5 20. Qc2 Rab8 21. Bc1 Nb5 22. a3 Qc4 23. b3 Nd4 24. bxc4 Nxc2 25. Ra2 Nd4 26. Nxd4 Bxd4 27. Nb5 Nf6 28. Rb3 Ne4 29. Nxd4 cxd4 30. Rab2 Rxb3 31. Rxb3 Rc8 32. Kg1 Rxc4 33. Bb2 Nc3 34. Rb7 Nxd5 35. g3 d3 36. Kf2 Rc2+ 37. Kf3 Kg6 38. h4 Kf7 39. a4 Rc4 40. a5 Re4 41. Bc1 Re2 42. Rb2 Re1 43. Bd2 Rf1+ 44. Kg2 Ra1 45. Rb3 Ra2 46. Rxd3 Nb4 47. Rd4 Nc6 48. Rd5 Ke6 49. Rd3 Nxa5 50. Kf3 Nc4 51. Bc3 h5 52. Bg7 Nd2+ 53. Ke3 Ne4 54. g4 hxg4 55. h5 g3 56. h6 Rh2 57. Rd1 Kf7 58. Rg1 Kg6 59. Bf8 Kf7 60. Bg7 Rh3 61. Kf3 Kg6 62. Bf8 e6 63. Ra1 Rxh6 64. Bxh6 Kxh6 65. Ra8 Kg7 66. Ra7+ Kf6 67. Rd7 e5 68. Rd8 Ke6 69. Rg8 Kd5 70. Rf8 Ke6 71. Rh8 Kd5 72. Rh5 Nd2+ 73. Kxg3 Ke4 74. Rh4 Ke3 75. fxe5 dxe5 76. Kg2 f4 77. Rh3+ f3+ 78. Kg1 e4 79. Rh2 Nc4 80. Kf1 Ne5 81. Ke1 Kf4 82. Rh4+ Ng4 83. Rh8 e3 84. Rf8+ Kg3 85. Re8 Kf4 86. Rf8+ Ke4 87. Re8+ Ne5 88. Kf1 Kd4 89. Rd8+ Kc3 90. Rc8+ Kd2 0-1

[Event "FRA-chT2A 0506"]
[Site "France"]
[Date "2005.11.19"]
[Round "2.6"]
[White "Bleuzen, Cedric"]
[Black "Miraoui, Karim"]
[Result "0-1"]
[WhiteElo "1992"]
[BlackElo "2087"]
[PlyCount "68"]
[EventDate "2005.10.27"]
[EventType "team-tourn"]
[EventRounds "11"]
[EventCountry "FRA"]
[SourceTitle "EXT 2006"]
[Source "ChessBase"]
[SourceDate "2005.11.24"]
[SourceVersion "1"]
[SourceVersionDate "2005.11.24"]
[SourceQuality "1"]
[WhiteTeam "Rennes Paul Bert"]
[BlackTeam "Nantes"]
[WhiteTeamCountry "FRA"]
[BlackTeamCountry "FRA"]

1. d4 f5 2. c4 Nf6 3. Nc3 g6 4. g3 Bg7 5. Bg2 0-0 6. Nf3 d6 7. 0-0 Qe8 8. Re1 Qf7 9. Qb3 h6 10. c5 c6 11. Qxf7+ Rxf7 12. cxd6 exd6 13. Bf4 Ne4 14. Rad1 g5 15. Bc1 Nd7 16. h4 g4 17. Nd2 d5 18. Nb3 Nf8 19. Rd3 Ne6 20. f3 gxf3 21. exf3 Nxg3 22. Kh2 Nh5 23. Ne2 Bd7 24. Bh3 Kh7 25. Rg1 Rg8 26. Rdd1 Bf8 27. Rxg8 Kxg8 28. Kg2 Kh7 29. Be3 Bd6 30. Kh1 f4 31. Bf2 Neg7 32. Bf1 Bf5 33. Re1 Be7 34. Nc5 Bxh4 0-1

[Event "Gorges op 15th"]
[Site "Gorges"]
[Date "2005.07.??"]
[Round "4"]
[White "Miraoui, Karim"]
[Black "Crouan, Stephane"]
[Result "1/2-1/2"]
[WhiteElo "2086"]
[BlackElo "2218"]
[PlyCount "37"]
[EventDate "2005.07.??"]
[EventType "swiss"]
[EventRounds "7"]
[EventCountry "FRA"]
[SourceTitle "EXT 2006"]
[Source "ChessBase"]
[SourceDate "2005.11.24"]
[SourceVersion "1"]
[SourceVersionDate "2005.11.24"]
[SourceQuality "1"]

1. d4 Nf6 2. c4 g6 3. Nc3 Bg7 4. e4 0-0 5. Be2 d6 6. Bg5 Nbd7 7. Qd2 c5 8. d5 a6 9. a4 Qa5 10. Ra3 Re8 11. Nf3 Nf8 12. h3 e6 13. 0-0 Qc7 14. Rd1 e5 15. Ne1 Rb8 16. Rda1 b6 17. Nd3 Bd7 18. b4 Bc8 19. b5 1/2-1/2

[Event "Gorges op 15th"]
[Site "Gorges"]
[Date "2005.07.??"]
[Round "1"]
[White "Riviere, Xavier"]
[Black "Miraoui, Karim"]
[Result "0-1"]
[WhiteElo "1630"]
[BlackElo "2086"]
[PlyCount "20"]
[EventDate "2005.07.??"]
[EventType "swiss"]
[EventRounds "7"]
[EventCountry "FRA"]
[SourceTitle "EXT 2006"]
[Source "ChessBase"]
[SourceDate "2005.11.24"]
[SourceVersion "1"]
[SourceVersionDate "2005.11.24"]
[SourceQuality "1"]

1. e4 b6 2. d4 Bb7 3. Nc3 e6 4. Nf3 Bb4 5. Bd3 Nf6 6. Qe2 d5 7. exd5 Nxd5 8. Bd2 Nxc3 9. bxc3 Be7 10. 0-0 0-0 0-1

[Event "Rohde op 04th"]
[Site "Sautron "]
[Date "2004.10.31"]
[Round "9"]
[White "Miraoui, Karim"]
[Black "Wirig, Anthony"]
[Result "0-1"]
[WhiteElo "2080"]
[BlackElo "2408"]
[PlyCount "54"]
[EventDate "2004.10.23"]
[EventType "swiss"]
[EventRounds "9"]
[EventCountry "FRA"]
[SourceTitle "EXT 2006"]
[Source "ChessBase"]
[SourceDate "2005.11.24"]
[SourceVersion "1"]
[SourceVersionDate "2005.11.24"]
[SourceQuality "1"]

1. d4 d5 2. c4 c6 3. Nf3 Nf6 4. Nc3 dxc4 5. a4 Bg4 6. e3 e5 7. dxe5 Qxd1+ 8. Nxd1 Ne4 9. Bxc4 Bb4+ 10. Bd2 Nxd2 11. Nxd2 Nd7 12. Nc3 Nxe5 13. Be2 Be6 14. 0-0 0-0-0 15. Rfd1 f6 16. Nf3 Nxf3+ 17. Bxf3 Bb3 18. Rxd8+ Rxd8 19. a5 a6 20. Na4 Rd2 21. h4 Kc7 22. g4 h6 23. Be4 Rd1+ 24. Rxd1 Bxd1 25. Nb6 Bxg4 26. Nc4 Be2 27. b3 Bd1 0-1

[Event "Gorges op 14th"]
[Site "Gorges"]
[Date "2004.07.08"]
[Round "6"]
[White "David, Alexandre"]
[Black "Miraoui, Karim"]
[Result "1/2-1/2"]
[WhiteElo "2173"]
[BlackElo "2061"]
[PlyCount "53"]
[EventDate "2004.07.08"]
[EventType "swiss"]
[EventRounds "7"]
[EventCountry "FRA"]
[SourceTitle "EXT 2005"]
[Source "ChessBase"]
[SourceDate "2004.11.15"]
[SourceVersion "1"]
[SourceVersionDate "2004.11.15"]
[SourceQuality "1"]

1. d4 d5 2. Nf3 Nf6 3. e3 Bf5 4. c4 c6 5. Nc3 e6 6. Nh4 Bg6 7. Qb3 Qc7 8. Bd2 Nbd7 9. Rc1 Qb6 10. Nxg6 hxg6 11. Bd3 Be7 12. 0-0 Bd6 13. f4 g5 14. c5 Qxb3 15. axb3 Bc7 16. b4 a6 17. g3 gxf4 18. exf4 Ng4 19. h4 g6 20. Kg2 Ndf6 21. Rce1 0-0-0 22. Nb1 Rde8 23. Bc3 Nh6 24. Nd2 Bd8 25. Nf3 Nfg4 26. Ne5 Nxe5 27. dxe5 1/2-1/2

[Event "Gorges op 14th"]
[Site "Gorges"]
[Date "2004.07.05"]
[Round "3"]
[White "Miraoui, Karim"]
[Black "Mullon, Jean Baptiste"]
[Result "0-1"]
[WhiteElo "2061"]
[BlackElo "2327"]
[PlyCount "68"]
[EventDate "2004.07.08"]
[EventType "swiss"]
[EventRounds "7"]
[EventCountry "FRA"]
[SourceTitle "EXT 2005"]
[Source "ChessBase"]
[SourceDate "2004.11.15"]
[SourceVersion "1"]
[SourceVersionDate "2004.11.15"]
[SourceQuality "1"]

1. d4 e6 2. c4 Bb4+ 3. Bd2 Bxd2+ 4. Qxd2 d6 5. Nf3 Nf6 6. Nc3 Nbd7 7. e3 0-0 8. Rd1 Re8 9. Be2 b6 10. 0-0 Bb7 11. Qc2 Qe7 12. b4 a5 13. a3 Rec8 14. Nd2 axb4 15. axb4 c5 16. Qb3 Qf8 17. Bf3 Bxf3 18. Nxf3 cxb4 19. Qxb4 d5 20. c5 bxc5 21. dxc5 Rab8 22. Qh4 Rxc5 23. Ne2 Rc4 24. Rd4 Rbb4 25. Qh3 Qb8 26. Ng3 Rxd4 27. Nxd4 Rb1 28. Rxb1 Qxb1+ 29. Nf1 Ne4 30. Nf3 Qb2 31. Qh4 Ndf6 32. h3 h6 33. Qf4 Qxf2+ 34. Kh2 Qxf1 0-1

[Event "FRA-chT2 0304"]
[Site "France"]
[Date "2003.11.15"]
[Round "2"]
[White "Picard, Clement"]
[Black "Miraoui, Karim"]
[Result "1-0"]
[WhiteElo "2138"]
[BlackElo "2081"]
[PlyCount "109"]
[EventDate "2003.10.??"]
[EventType "team-tourn"]
[EventRounds "11"]
[EventCountry "FRA"]
[SourceTitle "EXT 2005"]
[Source "ChessBase"]
[SourceDate "2004.11.15"]
[SourceVersion "1"]
[SourceVersionDate "2004.11.15"]
[SourceQuality "1"]
[WhiteTeam "Migne Auxances"]
[BlackTeam "Nantes"]
[WhiteTeamCountry "FRA"]
[BlackTeamCountry "FRA"]

1. e4 c5 2. Nf3 d6 3. Bb5+ Nd7 4. d4 Ngf6 5. Nc3 cxd4 6. Qxd4 e5 7. Qd3 Be7 8. 0-0 0-0 9. Bg5 Nc5 10. Qe2 a6 11. Bc4 b5 12. Bb3 Nxb3 13. axb3 Bb7 14. Bxf6 Bxf6 15. Rfd1 Qc7 16. Nd5 Bxd5 17. Rxd5 Be7 18. c3 f5 19. exf5 Rxf5 20. Rxb5 Qc6 21. Qc4+ Qxc4 22. bxc4 Rc8 23. Rxa6 Rxc4 24. Rb7 Bf8 25. Nd2 Rcf4 26. f3 d5 27. g3 Rg5 28. Kf1 Rf7 29. Raa7 Rgf5 30. Ke2 R7f6 31. Ra5 d4 32. g4 Rf4 33. Rxe5 dxc3 34. bxc3 Ra4 35. Re8 Ra2 36. Ke3 Rf7 37. Reb8 g6 38. h4 Rxb7 39. Rxb7 Bc5+ 40. Kd3 Bf2 41. Ne4 Bxh4 42. g5 h5 43. gxh6 Rh2 44. c4 Rh1 45. Rg7+ Kh8 46. Rxg6 Kh7 47. Ra6 Rd1+ 48. Ke3 Rc1 49. c5 Kh8 50. Ra7 Rc4 51. Kd3 Rc1 52. Kd4 Bf6+ 53. Nxf6 Rc4+ 54. Ke5 Ra4 55. Rh7# 1-0